00477 2200181 4500001002100000005001500021035002000036007000300056008004100059020002200100082001100122084001700133100002500150245002100175260003100196300003500227700003300262INLIS00000000000034620260121094828 a0010-0126000039ta260121 0 ind  a978-623-522-717-7 a647.94 a647.94 SUP f0 aSuparni, nyoman aris1 aFront Office XII aJakarta :bErlangga,c2024 aix + 197 hlm. ;c17,5 x 25 cm.0 aSutraningsih, anak agung ari